Những bài giảng về tác gia văn học trong tiến trình văn học Việt Nam ( trọn bộ 3 tập ); T1
Những bài viết tản mạn về Nguyễn Tuân: nhân cách, văn phong, bình và giảng các bài văn tiêu biểu
Gorde:
| Egile nagusia: | |
|---|---|
| Formatua: | Liburua |
| Hizkuntza: | Undetermined |
| Argitaratua: |
Hà Nội
Đại học Quốc gia Hà Nội
1999
|
| Gaiak: | |
| Etiketak: |
Etiketa erantsi
Etiketarik gabe, Izan zaitez lehena erregistro honi etiketa jartzen!
|
| Thư viện lưu trữ: | Trung tâm Học liệu Trường Đại học Cần Thơ |
|---|
| LEADER | 00886nam a2200205Ia 4500 | ||
|---|---|---|---|
| 001 | CTU_37117 | ||
| 008 | 210402s9999 xx 000 0 und d | ||
| 082 | |a 807 | ||
| 082 | |b M107/T1/1999 | ||
| 100 | |a Nguyễn Đăng Mạnh | ||
| 245 | 0 | |a Những bài giảng về tác gia văn học trong tiến trình văn học Việt Nam ( trọn bộ 3 tập ); T1 | |
| 245 | 0 | |c Nguyễn Đăng Mạnh | |
| 260 | |a Hà Nội | ||
| 260 | |b Đại học Quốc gia Hà Nội | ||
| 260 | |c 1999 | ||
| 520 | |a Những bài viết tản mạn về Nguyễn Tuân: nhân cách, văn phong, bình và giảng các bài văn tiêu biểu | ||
| 526 | |a Văn học Việt Nam hiện đại 2 (1930 - 1945) | ||
| 526 | |b SG215 | ||
| 650 | |a vietnamese literature - study and teaching | ||
| 980 | |a Trung tâm Học liệu Trường Đại học Cần Thơ | ||